Načítá se...
Contemporary translation theories
| Hlavní autor: | |
|---|---|
| Médium: | Printed Book |
| Jazyk: | English |
| Vydáno: |
New Delhi :
Viva books ,
c2010.
|
| Vydání: | Rev. 2nd ed. |
| LEADER | 00522nam a22001577a 4500 | ||
|---|---|---|---|
| 008 | 170119b xxu||||| |||| 00| 0 eng d | ||
| 020 | |a 9788130905181 | ||
| 082 | |a 418.02 GEN/C | ||
| 100 | |a Gentzler, Edwin | ||
| 245 | |a Contemporary translation theories | ||
| 250 | |a Rev. 2nd ed. | ||
| 260 | |a New Delhi : |b Viva books , |c c2010. | ||
| 300 | |b 232p. | ||
| 942 | |c BK | ||
| 999 | |c 195558 |d 195558 | ||
| 952 | |0 0 |1 0 |4 0 |6 418_020000000000000_GEN_C |7 0 |9 216078 |a ENG |b ENG |c ST1 |d 2017-01-19 |i 17482 |l 0 |o 418.02 GEN/C |p ENG17482 |r 2017-01-19 |w 2017-01-19 |y BK | ||